000 01141nam a22003497a 4500
003 CHAP
005 20220817041429.0
008 971013s1974 r 00010 d
010 _a14276
011 _a15248
035 _a19323
040 _cCHAP
082 _a080
_bS4 v.162
100 0 0 _aCastrejón Diez, Jaime
_eed.
_920295
245 _aSobre el pensamiento educativo del régimen actual
260 _aMéxico :
_bSecretaría de Educación Pública,
_c1974
300 _a167 p.
490 _aSEP/Setentas
_v; 162
590 _aBATCH-UPD
_b10
_c20130110
_lUCH01
_h0317
590 _aBATCH-UPD
_b10
_c20130110
_lUCH01
_h1822
590 _aBATCH-UPD
_b10
_c20130409
_lUCH01
_h2349
590 _aBATCH-UPD
_b10
_c20130410
_lUCH01
_h1608
590 _aBATCH-UPD
_b10
_c20130914
_lUCH01
_h1235
590 _aCONVERSION
_b10
_c20130109
_lUCH01
_h1309
650 1 4 _aEducación
_xMéxico.
_935466
650 1 4 _aPolítica educativa
_zMéxico.
_990561
700 0 _aRomero Panisio, Carlos.
_999643
830 0 _aSEP. Setentas
_v; 162
901 _aBK
942 _cLIBRO
949 _a080 S4 v.162
_bBC
_cLIBRO
_d33724000310066
_eLIBRO
_h44451
_i19323
_mD
_si
999 _c14276
_d14276